| 000 | 00847cam a22002532 4500 | ||
|---|---|---|---|
| 001 | 0000001683 | ||
| 005 | 20151217151824.0 | ||
| 008 | 070321s xx 000 0 eng d | ||
| 020 | _a0256162050 : | ||
| 040 |
_aKABU _cKABU |
||
| 050 | 0 |
_aHD30.28 _b.T46 1996 |
|
| 100 | 1 |
_aThompson, Arthur A., _d1940-. _@0000150632 |
|
| 245 | 1 | 0 |
_aStrategic management : _bconcepts and cases / _cArthur A. Thompson, Jr., A. J. Strickland, III. |
| 250 | _a9th ed. | ||
| 260 |
_aChicago : _bIrwin, _c1996. |
||
| 300 |
_axx, 1035 p. : _bill. ; _c26 cm. |
||
| 504 | _aIncludes bibliographical references and indexes. | ||
| 650 | 0 |
_aStrategic planning. _@0000150576 |
|
| 650 | 0 |
_aStrategic planning _xCase studies. _@0000150586 |
|
| 700 | 1 |
_aStrickland, Alonzo J. _@0000150633 |
|
| 908 | _a070321 | ||
| 950 | _@1 | ||
| 999 |
_c5387 _d5387 |
||